000 00735nam a2200253Ia 4500
003 OSt
005 20220925231708.0
006 a|||||r|||| 00| 0
007 ta
008 220923b |||||||| |||| 00| 0 eng d
020 _a08419*0254
037 _cGeneral Book
040 _aRTL
_cRTL
_beng
041 _2eng
_aeng
082 _aY48.654.N7, L6
100 _aMagid Alvin
_9116752
245 0 _aMen in the middle
_b Leadership and role conflict in a Nigerian Society
260 _aManchester
_bUniversity Press
_c1976
300 _a291p
_ccm.
500 _aBibliography:p270-84; Index:P285-92
650 _aElites
942 _hY48.654.N7, L6
_cGB
_2CC
999 _c589167
_d589167